| 000 | 00573nam a2200241Ia 4500 | ||
|---|---|---|---|
| 003 | OSt | ||
| 005 | 20220912152056.0 | ||
| 006 | a|||||r|||| 00| 0 | ||
| 007 | ta | ||
| 008 | 220909b |||||||| |||| 00| 0 eng d | ||
| 024 | _a59749 | ||
| 037 | _cTextual | ||
| 040 |
_aCSL _beng _cCSL |
||
| 041 | _aeng | ||
| 082 | _aC2950G, J5;1 | ||
| 100 | _aComar C L | ||
| 245 | 0 | _aRadioisotopes in biology and agriculture | |
| 260 | _c1955 | ||
| 300 |
_ap. _ccm. |
||
| 650 | _aPhysics | ||
| 942 |
_hC2950G, J5;1 _cTEXL _2CC |
||
| 999 |
_c80636 _d80636 |
||